|
|
|
|
| LEADER |
00000cam a2200000 7i4500 |
| 001 |
0000005353 |
| 005 |
20170724093000.0 |
| 008 |
021118n |
| 090 |
0 |
0 |
|a B99.I82
|b P4
|
| 100 |
0 |
|
|a Bachtiar, Harsja W. ,
|e author
|
| 245 |
0 |
0 |
|a Percakapan dengan Sidney Hook tentang 4 masalah filsafat :
|b etika, idiologi nasional, Marxisme, eksistensialisme
|c disusun oleh Harsja W. Bachtiar
|
| 260 |
2 |
|
|a Jakarta :
|b Djambatan ,
|c 1976
|
| 300 |
|
|
|a 232 p. ; ;
|c 21 cm.
|
| 504 |
|
|
|a Includes index
|
| 600 |
0 |
0 |
|a Marx, Karl ,
|d 1818-1883
|
| 650 |
|
0 |
|a Existentialism
|
| 650 |
|
0 |
|a Ideology
|
| 650 |
|
0 |
|a Philosophy, Modern
|y 20th century
|
| 650 |
|
0 |
|a Political ethics
|
| 700 |
0 |
|
|a Hook, Sidney ,
|d 1902-1989 ,
|e author
|
| 999 |
|
|
|a 1000000250
|b Book
|c OPEN SHELF (30 DAYS)
|e Gong Badak Campus
|